Vainqueur de la LDC par logo - Statistiques

Statistiques générales
  • Ce quiz a été pris 138 fois
  • Le résultat moyen est 5 sur 8
Statistiques - réponses
Par images Réponse % Correct
Olympique de Marseille
87%
Porto
77%
Nottingham Forest
75%
Hambourg
69%
Etoile rouge de Belgrade
66%
Celtic Glasgow
63%
PSV Eindhoven
59%
Steaua Bucarest
32%
Aucun quiz correspondant
Distribution des résultats
% des personnes avec chaque résultat
Percentile par nombre de réponses
Votre historique - résultats
Vous n’avez pas pris ce quiz